000 00219nam a22000857a 4500
008 170301b xxu||||| |||| 00| 0 eng d
100 _92991
_aShah.N.M.
245 _aStatistics for Economics-XI
260 _aNew Delhi
_bAPC
_c2009
999 _c6235
_d6235